000 00279nam a2200133Ia 4500
100 _aHorton & Newell
942 _cBK
654 _aMechanisms
245 _aIngenious Mechanisms IV
260 _bIndustrial Press
_c2001
082 _a621.9
300 _a486
546 _aENGLISH
999 _c30110
_d30110